Brawl Stars: Sands of Time Skins by Picture - Statistics

General Stats
  • This quiz has been taken 34 times
    4 since last reset
  • The average score is 16 of 17
Answer Stats
Picture Answer % Correct
Dark Samurai Gene
100%
Desert Scorpion Chuck
100%
Dynasty Mike
100%
Evil Gene
100%
Guard Rico
100%
Jungle Gene
100%
Lantern Sandy
100%
Merchant Gale
100%
Nightmare Sandy
100%
Rogue Mortis
100%
Shelly Dancer
100%
Sultan Carl
100%
Surgenie
100%
Tempest Tara
100%
Thief Edgar
100%
Shelly Dancer Iris
75%
Shelly Dancer Dahlia
50%
No matching quizzes found
Score Distribution
Percent of People with Each Score
Percentile by Number Answered
Your Score History
You have not taken this quiz since the last reset